000 00650nam a2200277Ia 4500
005 20260324115019.0
008 008 260324s9999 xx 000 0 eng d
020 _a9781003124825
037 _aEBOOK
040 _aCRL
040 _beng
040 _cCRL
041 _2eng
041 _aeng
084 _qCRL
100 _aBahurudeen A; P.V.P. Moorthi
_91153033
245 0 _aTesting of Construction Materials
260 _bTaylor and Francis
260 _c2020
365 _a
365 _b240
856 _uhttp://www.taylorfrancis.com/books/9781003124825
942 _cEBOOK
999 _c1743586
_d1743586